000 04584nam a22007457a 4500
003 AR-RoUNA
005 20260612112058.0
008 260612b |||||||| |||| 00| 0 spa d
020 _a978-987-749-501-0
040 _aAR-RoUNA
_bspa
_dAR-RoUNA
041 _aspa
044 _aag
245 1 0 _aArquitectura pública e historia reciente
_b: Santa Fe, 1989–2022
_c/ editoras Lucía espinosa y Viviana Bolcatto; Emiliana Balestieri; Facundo Tomás Berdat; Lucía Brumnich; Pablo Ignacio Cocuzza; María Espinoza; María Virginia Fabre; Pablo Ignacio Ferreira; Federico Gigante; Sofía Floriani; Germán Godoy Hernández; Micaela Ayelén Grimaldi; Pamela Mata y Lucía Suarez
260 _aSanta Fe (Argentina):
_bEdiciones UNL,
_c2025
300 _a173 p.:
_bCuadros estadísticos
_bfot. byn.
_c24x17 cm
505 0 _tINDICE
505 0 _tPRESENTACION
505 0 _aLucía Espinoza y Viviana Bolcatto. p. 11
505 0 _tARQUITECTURA
505 0 _aLucía Espinoza / Definir arquitectura pública. El pliegue contexto-proyecto. p. 17
505 0 _aGermán Godoy Hernández / El proyecto arquitectónico como accidente del tiempo. El nuevo Hospital Iturraspe. p. 31
505 0 _aPablo Igancio Ferreira / Los bordes de la arquitectura. Nuevas concepciones de naturaleza para el estudio de la arquitectura pública. p. 41
505 0 _tCIUDAD
505 0 _aFederico Gigante / Fugas visuales. Observar y ser observado en la ciudad contemporanea argentina. p. 59
505 0 _aMaría Elena del Barco / Cuestionar la ciudad: historia, monumentos, escala y límites. Entre las fotos satelitales y el mapa mental. p. 73
505 0 _aSofía Floriani y Micaela Grimaldi / Revisión metodológica para abordar la ciudad de Santa Fe con perspectiva de género. p. 79
505 0 _aFacundo Berdat / Colectivo, facultad, sueño. p. 91
505 0 _tMODO DE PROYECTO
505 0 _aPablo Ignacio Cocuzza / Lo reciente como periodización. Mapa de agencias estatles y programas nacionales. p. 101
505 0 _aEmiliana Jésica Balestieri / Modos de proyectos en la arquitectura santafesina. Cartografías proyectuales. p. 111
505 0 _aMaría Virginia Fabre / La superficie arquitectónica como escena del poder político. La escuela de trabajo Barranquitas Sur. p. 127
505 0 _aLucía Brumnich / La búsqueda de fuentes para el análisis de obras de arquitectura en la actualidad a través de una mirada de formación docente. p. 135
505 0 _tCOMUNICACIÓN
505 0 _aPamela Verónica Mata / Nuevas formas de mirar en espacio expandidos. Estrategias de diseño y comunicación en el espacio público desde narrativas audiovisuales. p. 143
505 0 _aLucía Suarez / La publiciadad en la obra pública. El acento en los límites. p. 149
505 0 _aViviana Bolcatto / Abrir las puertas a un lugar de encierro. Sobre el método de trabajo en el archivo del Hospital Mira y López. p. 155
505 0 _tPREGUNTAS DE CIERRE - DEFINIR PARA ENSEÑAR (Lucía Esponiza y Viviana Bolcatto)
505 0 _tSOBRE LAS EDITORAS
505 0 _tSOBRE LAS AUTORAS Y LOS AUTORES
505 0 _aEste libro es el resultado del trabajo colectivo de un conjunto de docentes investigadoras e investigadores de la Facultad de Arquitectura, Diseño y Urbanismo de la Universidad Nacional del Litoral, cuyo objetivo central ha sido reunirse para leer y reflexionar acerca de los tópicos de la arquitectura pública, la historia reciente, las relaciones que establecen entre ambas y el valor que se les asigna en el debate abierto en la Argentina de la tercera década del siglo.
650 4 _aArquitectura pública
650 4 _aHistoria Argentina
651 4 _aSanta Fe (Argentina)
_962
700 _97618
_aEspinoza, Lucia
_eedt
700 1 _aBolcatto, Viviana
_eedt
_927770
700 1 _aBalestieri, Emiliana
_927771
700 1 _aBerdat, Facundo Tomás
_927772
700 1 _aBrumnich, Lucía
_927773
700 1 _aCocuzza, Pablo Ignacio
_927774
700 _aDel Barco, Maria Elena.
_918508
700 1 _aFabre, María Virginia
_927775
700 1 _aFerreira, Pablo Ignacio
_927776
700 1 _aGigante, Federico
_927777
700 1 _aFloriani, Sofía
_927778
700 1 _aGodoy Hernández, Germán
_927779
700 1 _aGrimaldi, Micaela Ayelén
_927780
700 1 _aMata, Pamela
_927781
700 1 _aSuarez, Lucía
_927782
856 _u https://hdl.handle.net/11185/7950
908 _aImp
930 _e12335
942 _2udc
_cLIB
945 _d2026-06-12
980 _65
_aMaría Machado
_8138
_gCarolina Rainero
999 _c12471
_d12471